Normal view
MARC view
- Christmas fiction
Entry Genre/Form Term
001 - CONTROL NUMBER
- control field: 153574
003 - CONTROL NUMBER IDENTIFIER
- control field: TR-AnTOB
005 - DATE AND TIME OF LATEST TRANSACTION
- control field: 20260413100542.0
008 - FIXED-LENGTH DATA ELEMENTS
- fixed length control field: 170123|| anznnbabn |a ana c
010 ## - LIBRARY OF CONGRESS CONTROL NUMBER
- LC control number: gf2017026011
040 ## - CATALOGING SOURCE
- Original cataloging agency: WaU
- Language of cataloging: eng
- Transcribing agency: DLC
- Subject heading/thesaurus conventions: lcgft
- Modifying agency: DLC
155 ## - HEADING--GENRE/FORM TERM
- Genre/form term: Christmas fiction
455 ## - SEE FROM TRACING--GENRE/FORM TERM
- Genre/form term: Christmas stories
555 ## - SEE ALSO FROM TRACING--GENRE/FORM TERM
- Control subfield: g
- Genre/form term: Fiction
670 ## - SOURCE DATA FOUND
- Source citation: Work cat.: Upon a midnight clear : queer Christmas tales, ©2004
- Information found: (subj. hdgs.: Gay men--Fiction; Christmas stories, American)
670 ## - SOURCE DATA FOUND
- Source citation: A Newbery Christmas : fourteen stories of Christmas by Newbery Award-winning authors, ©1991
- Information found: (subj. hdgs.: Christmas stories, American; Short stories, American)
670 ## - SOURCE DATA FOUND
- Source citation: LCSH, Jan. 23, 2017
- Information found: (Christmas stories. UF Christmas--Fiction; Christmas--Juvenile fiction; Christmas books. BT Fiction)



